01344nam a22002777a 4500003000500000005001700005008004100022020002900063040004300092041001200135082001200147100003100159245008200190260006200272300004200334490001600376500007600392546004900468650005200517942001400569999001900583952012500602952011200727952010400839952012300943322820220428143420.0220225b sa ||||| |||| 00| 0 eng d a9781431054435qpaperback aWorldCatbEnglishcWorldCatd3228eRDA aIsizulu aJF MAGW aSibongile Magwaza.9130573 aIsipho sikaSiphesihle.b Ibanga 2, Incwadi 1, Abaqalayo /cSibongile Magwaza. aNorthlands, South Africa : bMacmillan Education, c2017. a 12 pages : billustrations ;c 21 cm a Thokozani. aCover title. Also available in other official South African languages. aZulu language Illustrated children's books. aIsizuluvillustrated children's stories9131254 2ddccBOOK c630922d630921 00102ddc40708FICaKWAMLbGERALcFICd2022-02-25l1oJF MAGWp33228031020281r2025-08-23s2025-07-21w2022-02-25yCR 00102ddc40708FaKWAMLbMARALcFICd2022-04-28l0oJF MAGWp33228031022029r2022-04-28w2022-04-28yBOOK 00102ddc4070aLYDELbSIMILd2023-02-09l0oJF MAGWp33228031027153r2023-02-09w2023-02-09yBOOK 00102ddc40708FaSTANRLbEMIZLcGENd2023-08-28g6.21l0oZUL JF MAGWp33228031012329r2023-08-28w2023-08-28yBOOK